Amerikanische Länder ohne Atlantikküste - Statistiken

Allgemein
  • Dieses Quiz wurde 272 mal gespielt
  • Das Durchschnittsergebnis liegt bei 4 aus 5
Antwortstatistiken
Land % Korrekt
Peru
87%
Paraguay
86%
Bolivien
84%
Ecuador
84%
El Salvador
79%
Keine übereinstimmenden Quizze gefunden
Verteilung der Resultate
Anzahl Personen mit jedem Resultat
Perzentil nach korrekt beantworteten Fragen
Ihre Resultats-Entwicklung
Sie haben dieses Quiz noch nicht gespielt